Green business basics : 24 lessons for meeting the challenges of global warming /

Bibliographic Details
Main Author: Dallas, Nick
Format: Book
Published: New York: McGraw-Hill, 2009.
Subjects:
LEADER 00690cam a2200205 7i4500
001 0000012288
005 20151104090000.0
005 ##20151104113300.0
003 ##MY-KlINT
020 # # |a 9780071603577  
039 # 9 |y 201511041133  |z VLOAD 
090 0 0 |a 363.73874   |b DAL 
100 1 # |a Dallas, Nick 
245 1 0 |a Green business basics :   |b 24 lessons for meeting the challenges of global warming /   |c Nick Dallas. 
260 # # |a New York:   |b McGraw-Hill,   |c 2009. 
300 # # |a xiii, 111p:   |b ill;   |c 21cm. 
500 # # |a Includes bibliographical references. 
650 # 0 |a Climate changes --   |x Economic aspects  
650 # 0 |a Global warming --   |x Economic aspects  
999 |a 0000065241  |b BOOK  |c Main Non-Fiction  |e INTAN BK